000 00486nam a2200205Ia 4500
005 20240823053820.0
008 240823s9999||||xx |||||||||||||| ||und||
020 _a978-81-9291131-1-7
041 _aENGLISH
082 _A658.472 Q6
100 _aBhuvaneswari V
245 0 _aBig Data Analytics
250 _a1st
260 _c2016
_bBharathiar Unive
500 _aYES
650 _aBig Data Analytics
_bComputer Science
700 _a Devi T
942 _cBK
999 _c225020
_d225020